000 00466nam a2200205Ia 4500
001 110171
003 YMCAF
005 20230512162412.0
008 100717s1999 ||||||||||||||||| ||und|d
024 _a110171
035 _aWB1158
040 _aYMCAF
_beng
_cIN-KoLT
041 _aeng
082 _a629.8
_bDAV
100 _aMiller, Daniel E
245 0 _aTopics in control and its applications
260 _bSpringer
_c1999
300 _a212
942 _2ddc
_cBK
999 _c11760
_d11760